The milling machine.

Bibliographic Details
Main Author: Houghton, Philip Stephen
Format: Book
Language:English
Published: London : C. Lockwood, 1948.
Subjects:

MARC

Tag First Indicator Second Indicator Subfields
LEADER 00000cam a2200000 4500
001 in00000040377
005 20151007072448.0
008 761202s1948 enka 00000 engm
010 |a  49020242  
035 |a (OCoLC)02591379 
035 |9 AAE7923AM 
040 |a DLC  |c YDM  |d TXA  |d UtOrBLW 
049 |a TXAM  |c [174273] 
050 0 0 |a TJ1225  |b .H75 
082 0 |a 621.91 
092 |a 621.91  |b H838m 
100 1 |a Houghton, Philip Stephen. 
245 1 4 |a The milling machine. 
264 1 |a London :  |b C. Lockwood,  |c 1948. 
300 |a x, 229 pages :  |b illustrations ;  |c 22 cm. 
336 |a text  |b txt  |2 rdacontent 
337 |a unmediated  |b n  |2 rdamedia 
338 |a volume  |b nc  |2 rdacarrier 
650 0 |a Milling-machines. 
999 |a MARS 
999 f f |s 9f0b7f85-f7c4-3d84-9bbc-948f33c53c31  |i b25529c5-d349-30c7-b916-0a486be99de1  |t 0 
952 f f |p normal  |a Texas A&M University  |b College Station  |c Sterling C. Evans Library  |d Evans: Library Stacks  |t 0  |e TJ1225 .H75  |h Library of Congress classification  |i unmediated -- volume  |m A14801043545 
998 f f |a TJ1225 .H75  |t 0  |l Evans: Library Stacks